书目信息 |
| 题名: |
生活 医药 健康
|
|
| 作者: | 金杰辉 王明辉编 | |
| 分册: | ||
| 出版信息: | 人民卫生出版社 1988.06 |
|
| 页数: | 238页 | |
| 开本: | 19cm | |
| 丛书名: | ||
| 单 册: | ||
| 中图分类: | R1 | |
| 科图分类: | ||
| 主题词: | 预防医学 , 卫生学 | |
| 电子资源: | ||
| ISBN: | ||
| 000 | 00540nam0 2200193 45 | |
| 001 | 9911301546 | |
| 005 | 19991130153821.8 | |
| 010 | @d1.45 | |
| 100 | @a19991130d1988 km y0chiy0120 ea | |
| 101 | @achi | |
| 105 | @a z 000yy | |
| 200 | 1 | @a生活 医药 健康@ASheng Huo Yi Yao Jian Kang@f金杰辉 王明辉编@FJin Jie Hui Wang Ming Hui Bian |
| 210 | @c人民卫生出版社@d1988.06 | |
| 215 | @a238页@c无图表@d19cm | |
| 606 | 0 | @a预防医学 |
| 606 | 0 | @a卫生学 |
| 690 | @aR1@v3 | |
| 801 | @aCN@bPerfectUser@c19991130 | |
| 905 | @aBZT@b23771-772@f2@dR1@e49 | |
| 生活 医药 健康/金杰辉 王明辉编.-人民卫生出版社,1988.06 |
| 238页:无图表;19cm |
| ISBN :1.45 |
| ● |
| 相关链接 |
|
|
|
正题名:生活 医药 健康
索取号:R1/49
 
预约/预借
| 序号 | 登录号 | 条形码 | 馆藏地/架位号 | 状态 | 备注 |
| 1 | 23771 | 200150219 | 中心书库中库/ 中库001架A面3列7层18/ [索取号:R1/49] | 在馆 | |
| 2 | 23772 | 200150228 | 中心书库中库/ 中库001架A面3列7层19/ [索取号:R1/49] | 在馆 |